Name That Groom Quiz Stats

 Plays Quiz Updated Jul 14, 2012

Also try: Wedding Movies
Challenge
Share
Tweet
Score 0/20 Timer 05:00
1 Play Today
Groom % Correct
Prince Charles (& Diana Spencer)
92.6%
Prince William (& Kate Middleton)
91.1%
John Lennon (& Yoko Ono)
86.8%
Barack Obama (& Michelle Obama)
85.7%
John F. Kennedy (& Jacqueline Bouvier)
78.6%
Tom Cruise (& Katie Holmes)
75.6%
Will Smith (& Jada Pinkett Smith)
74.3%
Michael Douglas (& Catherine Zeta-Jones)
70.6%
Kid Rock (& Pamela Anderson)
65.7%
David Arquette (& Courteney Cox)
63%
Groom % Correct
Charlie Sheen (& Denise Richards)
62.5%
David Beckham (& Victoria Adams)
61.3%
Joe DiMaggio (& Marilyn Monroe)
60.6%
Antonio Banderas (& Melanie Griffith)
40.8%
Andre Agassi (& Brooke Shields)
39.4%
George Bush (& Laura Bush)
38.8%
Matthew Broderick (& Sarah Jessica Parker)
29.3%
Frank Sinatra (& Mia Farrow)
28.7%
Humphrey Bogart (& Lauren Bacall)
27.1%
Tom Hanks (& Rita Wilson)
17.9%

You're not logged in!

Compare scores with friends on all Sporcle quizzes.
Join for Free
OR
Log In

You Might Also Like...

Show Comments

Extras

Top Quizzes Today


Score Distribution

Your Account Isn't Verified!

In order to create a playlist on Sporcle, you need to verify the email address you used during registration. Go to your Sporcle Settings to finish the process.

Report this User

Report this user for behavior that violates our Community Guidelines.

Details: